00763nam a2200193 i 4500001000700000003000900007005001700016007000300033008004100036100002800077245011800105250001300223260002900236300002200265500011000287852003200397999001900429952012100448150256ES-MaACL20230906203434.0t|071029s1956 fr ||||1| fre d1 aVaes, Urbain J.911239613aLa technique du financement des entreprises et spécialment des sociétés de capitaux / cpar Urbain J. Vaes. a3e éd. aParis : bDunod, c1956. a550 p. ; c25 cm. aUniversité de Louvain. Centre de Recherches en Economie et Gestion des Entrepises. Publications. Nº 6. aES-MaACLjC-11230 bR.39522 c150256d150256 00104070aATENEOMbATENEOMcSPALd2008-01-17eSCl0oC-11230p1156789r2023-02-23 00:00:00w2023-02-23yMONOGRAFIA